المعجم العربي الميسر قاموس عربي- ربي يحتوى على المصطلحات العلمية والتكنولوجية الحديثة

Bibliographic Details
Main Authors: بدوي, احمد زكي (Author), عناني, محمد زكريا (Author), محمود، صديقة يوسف (Author)
Format: Book
Published: Qahirah : Dar al-Kitab al-Masri , 1991
Subjects:

MARC

LEADER 00000cam a2200000 7i4500
001 0000005556
005 20160905093000.0
008 021119s1991
020 |a 9773380498 
090 0 0 |a PJ6622   |b . B3 1991 
100 0 |a بدوي, احمد زكي ,   |e author 
245 1 2 |a المعجم العربي الميسر قاموس عربي- ربي يحتوى على المصطلحات العلمية والتكنولوجية الحديثة   |c احمد زكي بدوي وصديقة يوسف محمود   |f مراجعة محمد زكريا عناني ومحمد عبدالله جبر 
260 2 |a Qahirah :   |b Dar al-Kitab al-Masri ,   |c 1991 
300 |a 816 p ;   |c 20 cm. 
650 0 |a Arabic language   |v Dictionaries 
700 1 |a عناني, محمد زكريا ,   |e author 
700 1 |a محمود، صديقة يوسف ,   |e author 
999 |a 1000047598   |b Book   |c Reference   |e Gong Badak Campus